Types de voies qu'il existe à Paris - Statistiques

Statistiques générales
  • Ce quiz a été pris 95 fois
  • Le résultat moyen est 14 sur 45
Statistiques - réponses
Nombre de voie(s) Type de voie % Correct
3422 Rue
99%
357 Avenue
94%
115 Boulevard
94%
195 Impasse
88%
549 Place
88%
14 Chemin
63%
7 Ruelle
62%
54 Quai
58%
298 Passage
57%
105 Allée
56%
433 Voie
54%
87 Route
52%
53 Cour
48%
32 Pont
48%
168 Square
33%
1 Rond
31%
1 Jardin
30%
26 Port
30%
4 Rond-Point
27%
20 Esplanade
26%
216 Villa
25%
2 Autoroute
23%
5 Cours
23%
16 Porte
23%
7 Sentier
23%
4 Passerelle
22%
3 Parvis
20%
15 Carrefour
17%
106 Cité
17%
2 Chaussée
11%
16 Promenade
9%
2 Sente
9%
1 Belvédère
7%
23 Galerie
7%
8 Hameau
4%
25 Souterrain
4%
1 Bassin
2%
1 Grande Avenue
2%
5 Peristyle
2%
7 Terrasse
2%
1 Arcade
1%
7 Echangeur
1%
1 Grille
1%
1 Passage Souterrain
0%
1 Patio-Place
0%
Aucun quiz correspondant
Distribution des résultats
% des personnes avec chaque résultat
Percentile par nombre de réponses
Votre historique - résultats
Vous n’avez pas pris ce quiz